000 00694nam a2200253Ia 4500
003 OSt
005 20220918223817.0
006 a|||||r|||| 00| 0
007 ta
008 220917b |||||||| |||| 00| 0 eng d
024 _a225,251
037 _cTextual
040 _aARTS
_cARTS
_beng
041 _2eng
_aeng
082 _aX:5:(U42).1, P5
100 _aMosk Carl
_9146710
245 0 _aTrade and migration in the modern world
260 _aLondon
_bRoutledge
_c2005
300 _axviii, 260p
_ccm.
490 _aRoutledge studies in the modern world economy
650 _aECONOMICS
942 _hX:5:(U42).1, P5
_cTEXL
_2CC
999 _c279523
_d279523